000
00234nam a2200109Ia 4500
100
_a
JOLHE DHANANJAY
942
_c
BK
245
_a
Engineering Drawing
260
_b
TATA MCGRAWHILL PUBL.
_a
New Delhi
546
_a
ENGLISH
999
_c
29512
_d
29512